Ein "Vorbild zur Nachahmung"
| Titel: | Ein "Vorbild zur Nachahmung" : der Beitrag des Landadels in den nordwestlichen Provinzen des Russischen Kaiserreichs zum polnischen Nationalisierungsprozess (1863-1914) / Martin Müller-Butz |
|---|---|
| Verfasser: | |
| In: |
Zeitschrift für Ostmitteleuropa-Forschung, Band 64, Heft 3 (2015), Seite 356-379 alle Artikel anzeigen |
| Veröffentlicht: | 2015 |
| Format: | Aufsatz |
| Sprache: | Deutsch |
X
alg: 41819965 001A $03025:18-10-17 001B $06050:03-02-21 $t09:22:26.000 001C $03025:18-10-17 $t11:09:21.000 001D $03025:18-10-17 001U $0utf8 001X $00 002@ $0Aou 002C $aText $btxt $2rdacontent 002D $aohne Hilfsmittel zu benutzen $bn $2rdamedia 002E $aBand $bnc $2rdacarrier 003@ $0418199655 007A $0418199655 $aHEB 010@ $ager 010E $erda 011@ $a2015 021A $aEin @"Vorbild zur Nachahmung" $dder Beitrag des Landadels in den nordwestlichen Provinzen des Russischen Kaiserreichs zum polnischen Nationalisierungsprozess (1863-1914) $hMartin Müller-Butz 028A $BVerfasser $4aut $7 $8Müller-Butz, Martin [Tnu] $9418199515 031A $d64 $e3 $h356-379 $j2015 039B $aEnthalten in $8--Abvc--. Zeitschrift für Ostmitteleuropa-Forschung. - Marburg, L. : Verl. Herder-Inst., 1995-. - ISSN 0948-8294 $x201500000640003644 $9048659398 044K $RPolen $RHerzogtum Warschau $#Królestwo Polskie $#Königreich Polen 1815-1918 $#Russisch-Polen $#Kongress-Polen $74437411-2 $8Kongresspolen [Tg1] $9088753549 044K $RAdel $#Gentry $#Seigneurs $74166522-3 $8Landadel [Ts1] $9085749265 044K $#Nation-state $#Nation $#Nation $#Nation $#Nationalgedanke $#Nationale Frage Nation $#Nationen $74041279-9 $8Nation [Ts1] $9085112968 045R $aGeschichte 1863-1914 045T $a7,41 045T $aOST $qDE-12 $2FID 046L $aZusammenfassung in englischer Sprache lok: 41819965 78 exp: 41819965 78 1 #EPN 201B/01 $018-10-17 $t11:08:04.000 201C/01 $018-10-17 201U/01 $0utf8 203@/01 $01008534773 208@/01 $a18-10-17 $be 209A/01 $a/ $f000 $x00 209A/01 $ab*p $x01 220C/01 $awma 244Z/01 $#Generalgouvernement Polen $#Polska $#Rzeczpospolita Polska $#Polska Rzeczpospolita Ludowa $#Poland $#Pologne $#République Polonaise $#Generalne Gubernatorstwo w Polsce $#Polish People's Republic $#Polska Rzeczpospolita Polen $#PRL $#RP $#Polen Generalgouvernement $#Polska Generalgouvernement $#Besetzte Polnische Gebiete $#Besetztes Gebiet in Polen $#Okupowane Polskie Obszary $#Obszary Okupowane w Polsce $#Volksrepublik Polen $#Polska Rosyjska $#Republic Polen $#Respublika Pol'ša $#Pol'skaja Narodnaja Respublika $#République de Pologne $#Polen Links der Weichsel $#Polska po Lewej Stronie Wisły $#Lenkija $#Polija $#Gubernija Carstva Pol'skago $#Republik Polen $74046496-9 $8--Tg1--Polen $x01 $9085129801 247C/01 $82080>Marburg/Lahn, Herder-Institut, Forschungsbibliothek, Bibliographieportal $9336309341
| LEADER | 00000caa a2200000 c 4500 | ||
|---|---|---|---|
| 001 | 418199655 | ||
| 003 | DE-603 | ||
| 005 | 20210203092226.0 | ||
| 007 | tu | ||
| 008 | 171018s2015 xx |||| | u00||u|ger c | ||
| 035 | |a (DE-599)HEB418199655 | ||
| 040 | |a DE-603 |b ger |c DE-603 |d DE-603 |e rda | ||
| 041 | |a ger | ||
| 084 | |a 7,41 |2 ssgn | ||
| 084 | |a OST |q DE-12 |2 fid | ||
| 100 | 1 | |a Müller-Butz, Martin |e Verfasser |4 aut |0 (DE-603)418199515 | |
| 245 | 0 | 0 | |a Ein "Vorbild zur Nachahmung" |b der Beitrag des Landadels in den nordwestlichen Provinzen des Russischen Kaiserreichs zum polnischen Nationalisierungsprozess (1863-1914) |c Martin Müller-Butz |
| 264 | 0 | |c 2015 | |
| 336 | |a Text |b txt |2 rdacontent | ||
| 337 | |a ohne Hilfsmittel zu benutzen |b n |2 rdamedia | ||
| 338 | |a Band |b nc |2 rdacarrier | ||
| 546 | |a Zusammenfassung in englischer Sprache | ||
| 648 | 7 | |a Geschichte 1863-1914 |2 gnd | |
| 650 | 7 | |a Landadel |0 (DE-588)4166522-3 |0 (DE-603)085749265 |2 gnd | |
| 650 | 7 | |a Nation |0 (DE-588)4041279-9 |0 (DE-603)085112968 |2 gnd | |
| 651 | 7 | |a Kongresspolen |0 (DE-588)4437411-2 |0 (DE-603)088753549 |2 gnd | |
| 773 | 0 | 8 | |i Enthalten in |t Zeitschrift für Ostmitteleuropa-Forschung |d Marburg, L. : Verl. Herder-Inst., 1995- |h 24 cm |x 0948-8294 |g Band 64, Heft 3 (2015), Seite 356-379 |w (DE-603)048659398 |w (DE-600)1230819-5 |
| 924 | 0 | |9 2080 |a (DE-603)1008534773 |b DE-2080 |c HES |d d |g / | |


